World Snooker Championship Winners (Modern Era) - Statistics

General Stats
  • This quiz has been taken 7,503 times
    81 since last reset
  • The average score is 50 of 58
Answer Stats
Hint Answer % Correct
2001 Ronnie O'Sullivan
98%
2004 Ronnie O'Sullivan
98%
2008 Ronnie O'Sullivan
98%
2012 Ronnie O'Sullivan
98%
2013 Ronnie O'Sullivan
98%
2020 Ronnie O’Sullivan
98%
2022 Ronnie O’Sullivan
98%
1990 Stephen Hendry
97%
1992 Stephen Hendry
97%
1993 Stephen Hendry
97%
1994 Stephen Hendry
97%
1995 Stephen Hendry
97%
1996 Stephen Hendry
97%
1999 Stephen Hendry
97%
1981 Steve Davis
97%
1983 Steve Davis
97%
1984 Steve Davis
97%
1987 Steve Davis
97%
1988 Steve Davis
97%
1989 Steve Davis
97%
1998 John Higgins
95%
2007 John Higgins
95%
2009 John Higgins
95%
2011 John Higgins
95%
1972 Alex Higgins
93%
1982 Alex Higgins
93%
2019 Judd Trump
91%
2014 Mark Selby
90%
2016 Mark Selby
90%
2017 Mark Selby
90%
2021 Mark Selby
90%
2000 Mark Williams
90%
2003 Mark Williams
90%
2018 Mark Williams
90%
1970 Ray Reardon
88%
1973 Ray Reardon
88%
1974 Ray Reardon
88%
1975 Ray Reardon
88%
1976 Ray Reardon
88%
1978 Ray Reardon
88%
2005 Shaun Murphy
88%
2026 Wu Yize
83%
2010 Neil Robertson
79%
2025 Zhao Xintong
79%
1985 Dennis Taylor
76%
1997 Ken Doherty
76%
2023 Luca Brecel
76%
1991 John Parrott
74%
2024 Kyren Wilson
74%
2002 Peter Ebdon
71%
2006 Graeme Dott
69%
2015 Stuart Bingham
69%
1986 Joe Johnson
64%
1980 Cliff Thorburn
62%
1979 Terry Griffiths
53%
1969 John Spencer
47%
1971 John Spencer
47%
1977 John Spencer
47%
No matching quizzes found
Score Distribution
Percent of People with Each Score
Percentile by Number Answered
Your Score History
You have not taken this quiz since the last reset